Tout les monstres de Dragon Quest IX - Statistiques

Statistiques générales
  • Ce quiz a été pris 38 fois
  • Le résultat moyen est 48 sur 282
Statistiques - réponses
Numéro Monstres % Correct
1 Gluant
100%
46 Gluant de métal
84%
14 Gluante
74%
90 Roi gluant
74%
153 Gluant de mercure
65%
276 | 277 Corvus
55%
262 Moby Pick
55%
258 Chevalier Karbon
52%
214 Roi gluant de métal
52%
51 Aggluantin
48%
2 Concombrageur
45%
260 Epidémon
45%
161 Golem
45%
48 Monte-gluant
45%
3 Sanguini vache
45%
261 Blaisephème
42%
29 Médigluant
42%
6 Vampivol
42%
275 Barbarus
39%
96 Golem d'or
39%
75 Monte-gluant de métal
39%
4 Sacasable
39%
259 Sylvane
39%
267 Directueur
35%
12 Fée tide
35%
16 Gluanbulle
35%
269 Grizius
35%
195 Guérigluant
35%
257 Hexacorne
35%
7 Archer vert
32%
57 Armure errante
32%
59 Chimère
32%
263 Garde Gouille
32%
270 Général Mac Assin
32%
271 Général Mac Hulotte
32%
272 Général Mac Léo
32%
206 Roi guérigluant
32%
80 Sanguini rose
32%
124 Troll
32%
169 Dragon vert
29%
10 Feu follet
29%
192 Géant
29%
43 Mage
29%
8 Maransac
29%
13 Marteleur
29%
98 Momie
29%
28 Squelette
29%
264 Tyrantule
29%
50 Babourin
26%
265 Balthézard
26%
15 Champigoule
26%
9 Rouage-gorge
26%
204 Canniboîte
23%
179 Chef troll
23%
191 Dragon rouge
23%
11 Esprit
23%
78 Golem de pierre
23%
205 Imitapeur
23%
266 Larstastnaras
23%
61 Méduse
23%
89 Métaggluantin
23%
44 Momignon
23%
5 Peurpillon
23%
88 Rase-marée
23%
151 Sacatrésor
23%
120 Sorcier
23%
24 Vampimage
23%
39 Veninconda
23%
93 Ardamphibien
19%
37 Champitox
19%
118 Dracal
19%
42 Esprit frappeur
19%
86 Fana-tique
19%
20 Faux-frère
19%
56 Fée lée
19%
268 Gadrongo
19%
32 Luna-tique
19%
174 Machine à tuer
19%
87 Mécachasseur
19%
55 Mort-vivant
19%
273 | 274 Roi Gowin de Klenfer
19%
150 Statue vivante
19%
207 Aggluandor
16%
76 Archimère
16%
176 Armure fatale
16%
154 Belzébik
16%
53 Champimage
16%
81 Chienlycanthrope
16%
82 Combabouin
16%
41 Crabarbare
16%
97 Croartilleur
16%
49 Cyclown
16%
25 Dardeur
16%
17 Défamphibien
16%
134 Epouvantaille
16%
30 Fée brile
16%
27 Flammulus
16%
67 Folycanthrope
16%
33 Foufolia
16%
220 Gluant ténérium
16%
111 Goule
16%
196 Grand troll
16%
233 Grrrgouille
16%
72 Hippotigre
16%
160 Lavensac
16%
22 Martebrun
16%
19 Miaougicien
16%
167 Moaïaïaï
16%
71 Moaï mutant
16%
58 Poulpic
16%
116 Rochexplosif
16%
105 Secourgette
16%
144 Soldat squelette
16%
77 Tronc-bine
16%
54 Vampivolle
16%
94 Accélhéron
13%
115 Boucabouche
13%
26 Boucboule
13%
31 Bouclieux
13%
127 Cavalier de glace
13%
45 Cavalier de glaise
13%
113 Cornocéros
13%
34 Coucou mécanique
13%
107 Crabject
13%
125 Cryofolia
13%
175 Dracal fatal
13%
119 Escogriffon
13%
18 Frapillon
13%
149 Froicoucass
13%
136 Glargouille
13%
226 Gluandor
13%
131 Gluantibio
13%
126 Grizzlycanthrope
13%
36 Hécatombereau
13%
130 Hippotigre blanc
13%
203 Hippotigrulk
13%
35 Limasson
13%
146 Momie sanglante
13%
215 Monte-gluancêtre
13%
219 Octocorne
13%
189 Sanguini irisé
13%
181 Seigneur malheur
13%
199 Seigneur terreur
13%
209 Troll à trouille
13%
64 Tropiconcombre
13%
117 Ababouin
10%
170 Abyssaure
10%
128 Aigrettox
10%
85 Altérapace
10%
60 Amphigien
10%
162 Aquasaure
10%
110 Arbomination
10%
123 Armure infernale
10%
224 Armygale
10%
227 AU-1000
10%
255 Bhaleine
10%
251 Blaireau bling
10%
40 Blaireau mage
10%
108 Blaireau ninja
10%
234 Boîte de Pandore
10%
139 Boucliblindé
10%
177 Brumulus
10%
230 Cannibelle
10%
104 Caporal mandragor
10%
83 Coagluant
10%
137 Crabat-joie
10%
163 Cramulus
10%
62 Crapouillot
10%
180 Crapoxique
10%
157 Cyclope
10%
155 Dracal bestial
10%
112 Engrenoiseau
10%
156 Epirevier
10%
143 Escogrillefon
10%
52 Fangeux
10%
38 Flammerolle
10%
65 Folidaire
10%
21 Gastérapaud
10%
132 Glaciatueur
10%
66 Glacyclone
10%
202 Glaglator
10%
121 Grimasque
10%
69 Inhibélier
10%
100 Lésionnaire
10%
140 Limassif
10%
168 Magmasse
10%
145 Manguini sanguinaire
10%
133 Maskoteck
10%
109 Mauvellusque
10%
248 Moaï marrant
10%
63 Papilon
10%
114 Pirvert
10%
102 Prestigriffitateur
10%
135 Prêtre maudit
10%
70 Rapastrident
10%
79 Rebonclier
10%
182 Roi maudit
10%
141 Rudocéros
10%
122 Sangturion
10%
73 Scorictus
10%
84 Shaman
10%
68 Sorciergrif
10%
173 Squelette noir
10%
47 Tire-flèches
10%
101 Toxicrotale
10%
142 Typhonphonphon
10%
91 Vilerequin pèlerin
10%
95 Vilerequin tigre
10%
138 Vipère sonique
10%
99 Viscaire
10%
74 Zombitox
10%
222 Alarmure
6%
282 Atoner
6%
201 Barbatos
6%
229 Bijou royal en platine
6%
165 Brûlavif
6%
197 Cardinal crotale
6%
211 Carnagénie
6%
240 Cavalier de braise
6%
164 Charretier blindé
6%
238 Chauffard d'assaut
6%
210 Chimère cosmique
6%
250 Commandragor
6%
188 Crabsolutiste
6%
158 Cumulus lex
6%
212 Cumulus rex
6%
198 Dark-en-ciel
6%
171 Décarion
6%
187 Dracarapace
6%
200 Draculard
6%
152 Dracularge
6%
254 Draculord
6%
228 Droïde arachnoïde
6%
232 Empereur maudit
6%
278 Fourax
6%
243 Gardien de l'enfer
6%
178 Gardien de pierre
6%
185 Général mandragor
6%
236 Géolem
6%
231 Glauque-mitaine
6%
183 Griffeur
6%
172 Gros-gris
6%
147 Hauberserker
6%
194 Heaumage
6%
225 Imbroglion
6%
216 Impur-sang
6%
247 Laidy
6%
213 Léviathon
6%
208 Limastard
6%
245 Maître belzébik
6%
103 Manghini
6%
249 Manguini boogie
6%
279 Médhor
6%
241 Oiseau de peuradis
6%
256 Pélagosaure
6%
92 Pieuxvre
6%
223 Prélat boa
6%
184 Rapace-muraille
6%
193 Rapacepasse
6%
244 Rashaverak
6%
280 Roi Godefroi de Klenfer
6%
237 Seigneur saigneur
6%
166 Soldat mandragor
6%
239 Tempétalon
6%
106 Tortugon
6%
217 Tortugondor
6%
221 Traumasque
6%
281 Tyrannamort
6%
246 Vermillion
6%
218 Veuve venin
6%
148 Vicaire vipère
6%
253 Vilerequin marteau
6%
159 Vulcanobombe
6%
23 Blaireai bongo
3%
186 Cruirassassin
3%
190 Cumulus hex
3%
129 Grand escrogriffon
3%
235 Hyporthermiasme
3%
252 Mont-gluantique
3%
242 Scarlatin
3%
Aucun quiz correspondant
Distribution des résultats
% des personnes avec chaque résultat
Percentile par nombre de réponses
Votre historique - résultats
Vous n’avez pas pris ce quiz